[Event "Macieja Memorial"]
[Site "Warsaw POL"]
[Date "2022.07.08"]
[Round "7.4"]
[White "Janik, Igor"]
[Black "Kuzmicz, Krystian"]
[Result "0-1"]
[WhiteElo "2456"]
[BlackElo "2307"]
[EventDate "????.??.??"]
[PlyCount "142"]

1.e4 c5 2.Nf3 e6 3.g3 Nc6 4.Bg2 Nf6 5.Qe2 e5 6.O-O Be7 7.c3 d6 8.Na3 O-O 9.Rd1 
Bg4 10.h3 Bh5 11.d3 Re8 12.Nc4 Bf8 13.a4 d5 14.exd5 Nxd5 15.Re1 f6 16.Qc2 Bf7 
17.Bd2 Rc8 18.Rad1 a6 19.Ne3 Nd4 20.cxd4 cxd4 21.Nc4 b5 22.axb5 axb5 23.b3 bxc4 
24.bxc4 Nb4 25.Bxb4 Bxb4 26.Re2 Qa5 27.Nh4 Rb8 28.Qa2 Qxa2 29.Rxa2 Bc3 30.Nf5 
Red8 31.Ne7+ Kf8 32.Nc6 Ra8 33.Rxa8 Rxa8 34.Nxe5 Ra2 35.Nd7+ Ke7 36.Nc5 Bg6 
37.Be4 Bf7 38.Rb1 Kd6 39.Nb7+ Kc7 40.Rb5 Be1 41.Rc5+ Kd7 42.Rf5 Be6 43.Nc5+ Kd6 
44.Nxe6 Kxe6 45.Kf1 Bc3 46.Rh5 h6 47.Rb5 Ra1+ 48.Kg2 Ra2 49.Rf5 g6 50.Rb5 f5 
51.Bd5+ Ke7 52.Rb7+ Kf6 53.Rb6+ Kg7 54.Re6 h5 55.c5 Ra5 56.Re7+ Kh6 57.Bg8 Rxc5 
58.h4 g5 59.Rh7+ Kg6 60.Rb7 gxh4 61.gxh4 Kf6 62.Rb6+ Ke5 63.Bf7 Rc7 64.Bxh5 Rh7 
65.Bg6 Rxh4 66.Rb5+ Kf6 67.Bxf5 Rh5 68.Rb6+ Kxf5 69.Kf3 Rh3+ 70.Ke2 Rh1 71.Rb5+ 
Kf4 0-1

[Event "Macieja Memorial"]
[Site "Warsaw POL"]
[Date "2022.07.08"]
[Round "7.6"]
[White "Licznerski, Lukasz"]
[Black "Karolczuk, Iwo"]
[Result "1/2-1/2"]
[WhiteElo "2387"]
[BlackElo "2281"]
[EventDate "????.??.??"]
[PlyCount "102"]

1.e4 c5 2.Nf3 Nc6 3.Nc3 d6 4.d4 cxd4 5.Nxd4 e5 6.Nf5 g6 7.Ne3 a6 8.a4 Bg7 
9.Ned5 Be6 10.h4 h6 11.h5 g5 12.Be3 Nf6 13.Bb6 Qd7 14.Nc7+ Ke7 15.Nxa8 Rxa8 
16.Be2 Rc8 17.Qd2 Nb4 18.O-O g4 19.f4 gxf3 20.Bxf3 Nh7 21.Be3 Rg8 22.Bxh6 Bxh6 
23.Qxh6 Ng5 24.Rf2 Nh3+ 25.Kf1 Nxf2 26.Kxf2 Nxc2 27.Rd1 Nd4 28.Qe3 b5 29.axb5 
axb5 30.Rh1 b4 31.Ne2 Nxe2 32.Bxe2 d5 33.exd5 Qxd5 34.Bf3 Qd4 35.Qxd4 exd4 
36.Rh4 Rd8 37.h6 d3 38.h7 Rh8 39.Be4 d2 40.Ke2 f5 41.Bc2 b3 42.Bd3 Kf6 43.Kxd2 
Kg5 44.g3 Kg6 45.Ke3 Kg5 46.Kf2 Bf7 47.Rb4 Rxh7 48.Rb5 Rh2+ 49.Kf3 Bh5+ 50.Ke3 
Bg4 51.Rxb3 Rg2 1/2-1/2

[Event "Macieja Memorial"]
[Site "Warsaw POL"]
[Date "2022.07.08"]
[Round "7.7"]
[White "Nguyen, Piotr"]
[Black "Nasuta, Grzegorz"]
[Result "0-1"]
[WhiteElo "2300"]
[BlackElo "2366"]
[EventDate "????.??.??"]
[PlyCount "90"]

1.f4 d5 2.Nf3 Nf6 3.g3 g6 4.Bg2 Bg7 5.O-O O-O 6.d3 Nc6 7.c3 Qd6 8.Kh1 Re8 9.Na3 
a6 10.Qc2 e5 11.fxe5 Nxe5 12.Bf4 Bf5 13.Nxe5 Rxe5 14.Qb3 Qe7 15.Qxb7 Re8 
16.Bxe5 Qxe5 17.Nc2 c5 18.Rae1 Qd6 19.e4 dxe4 20.dxe4 Re7 21.Qa8+ Re8 22.e5 Qd2 
23.Qc6 Bxc2 24.Qf3 Bf5 25.Re2 Qd3 26.Re3 Qd2 27.exf6 Qxe3 28.Qxe3 Rxe3 29.fxg7 
Re2 30.b4 cxb4 31.cxb4 Rxa2 32.Bb7 Kxg7 33.Rc1 Be6 34.Kg1 Ra4 35.Rc6 Rxb4 
36.Bxa6 Rb1+ 37.Kf2 Rb2+ 38.Ke3 Rxh2 39.Bd3 Rg2 40.Kf4 g5+ 41.Ke5 Rxg3 42.Be4 
Rg1 43.Ra6 Re1 44.Kd4 h5 45.Bf3 g4 0-1

[Event "Macieja Memorial"]
[Site "Warsaw POL"]
[Date "2022.07.08"]
[Round "7.8"]
[White "Reza, Wojciech"]
[Black "Heberla, Bartlomiej"]
[Result "1-0"]
[WhiteElo "2230"]
[BlackElo "2361"]
[EventDate "????.??.??"]
[PlyCount "123"]

1.c4 e6 2.Nf3 d5 3.e3 Nf6 4.b3 c5 5.Bb2 Nc6 6.cxd5 exd5 7.d4 cxd4 8.Nxd4 Bb4+ 
9.Bc3 Bd6 10.Nd2 O-O 11.Be2 Nxd4 12.Bxd4 Bf5 13.O-O Re8 14.Bf3 Qe7 15.g3 a6 
16.Bg2 Bd3 17.Re1 Bb4 18.a3 Bd6 19.b4 Qe6 20.Nb3 Bc4 21.Nc5 Bxc5 22.Bxc5 Ne4 
23.Bd4 Nd6 24.Bb2 Rad8 25.Qd4 Nf5 26.Qf4 Ne7 27.Rad1 f6 28.h4 Ng6 29.Qd4 Ne5 
30.e4 Nc6 31.Qc5 Qf7 32.exd5 Rxe1+ 33.Rxe1 Bxd5 34.Bh3 Bb3 35.Qc3 Bd5 36.Rd1 
Be6 37.Rxd8+ Nxd8 38.Bg2 Nc6 39.Bxc6 bxc6 40.Qxc6 h5 41.Qxa6 Bd5 42.Qc8+ Kh7 
43.Qf5+ Kg8 44.b5 Bb7 45.Qd3 Qe6 46.f3 Qh3 47.Qd8+ Kh7 48.Qd3+ g6 49.Qd6 Bxf3 
50.Qe7+ Kg8 51.Qe8+ Kg7 52.Bxf6+ Kxf6 53.Qf8+ Ke5 54.Qxf3 Qc8 55.Qf4+ Ke6 
56.Qe3+ Kf5 57.Qf3+ Ke5 58.Qe2+ Kf5 59.Kg2 Qc1 60.Qd3+ Kf6 61.Qf3+ Kg7 62.Qb7+ 1-0

[Event "Macieja Memorial"]
[Site "Warsaw POL"]
[Date "2022.07.08"]
[Round "7.9"]
[White "Socko, Bartosz"]
[Black "Jarmula, Lukasz"]
[Result "0-1"]
[WhiteElo "2624"]
[BlackElo "2246"]
[EventDate "????.??.??"]
[PlyCount "136"]

1.d4 d5 2.c4 dxc4 3.e3 Nf6 4.Bxc4 e6 5.Nf3 c5 6.O-O Nc6 7.dxc5 Qxd1 8.Rxd1 Bxc5 
9.Be2 O-O 10.a3 a6 11.b4 Be7 12.Bb2 Bd7 13.Nbd2 Rfd8 14.Nc4 Be8 15.Kf1 Rxd1+ 
16.Rxd1 Kf8 17.h3 h6 18.g4 Nd5 19.Bd3 b5 20.Ncd2 a5 21.Bxb5 axb4 22.a4 Na5 
23.Rc1 Bxb5+ 24.axb5 Nb6 25.Bd4 Nd5 26.Ne5 f6 27.Ng6+ Kf7 28.Nxe7 Kxe7 29.e4 
Nf4 30.Bc5+ Kd7 31.Bxb4 Nd3 32.Rb1 Nxb4 33.Rxb4 Nb7 34.Rd4+ Kc7 35.Rc4+ Kd7 
36.Nb3 Nd6 37.Rd4 Kc7 38.b6+ Kc6 39.Rb4 Rb8 40.Ke2 e5 41.b7 Nxb7 42.Na5+ Kc7 
43.Nc4 Ra8 44.Ne3 Nc5 45.Nf5 Ne6 46.h4 Nf4+ 47.Kd2 Ra2+ 48.Kc3 Rxf2 49.Nxg7 Rg2 
50.Ne8+ Kc6 51.Nxf6 Ne2+ 52.Kd3 Nd4 53.Rb8 Rg3+ 54.Kd2 Rg2+ 55.Kd3 Rg3+ 56.Kc4 
Kd6 57.Rb6+ Ke7 58.Nd5+ Kf7 59.Rb7+ Ke6 60.Kc5 Nb3+ 61.Kb4 Nd4 62.Rb6+ Kf7 
63.Rb7+ Ke6 64.Rb6+ Kf7 65.Nf6 Rb3+ 66.Kc5 Rxb6 67.Kxb6 Kxf6 68.Kc5 Nf3 0-1

[Event "Macieja Memorial"]
[Site "Warsaw POL"]
[Date "2022.07.08"]
[Round "7.10"]
[White "Pakleza, Zbigniew"]
[Black "Mickiewicz, Piotr"]
[Result "0-1"]
[WhiteElo "2467"]
[BlackElo "2209"]
[EventDate "????.??.??"]
[PlyCount "78"]

1.d4 c5 2.c3 Nf6 3.Nf3 b6 4.Bf4 Bb7 5.e3 Nh5 6.Bg3 Nxg3 7.hxg3 e6 8.Nbd2 Be7 
9.Bd3 h6 10.Qe2 a6 11.a4 d6 12.g4 Nd7 13.Nf1 b5 14.Ng3 c4 15.Bc2 g6 16.e4 e5 
17.Qe3 Bf8 18.Rd1 Qc7 19.Ke2 Bg7 20.Nh4 Qb6 21.axb5 axb5 22.Rd2 exd4 23.cxd4 
Ra2 24.Bb1 Ra5 25.f4 b4 26.e5 dxe5 27.fxe5 O-O 28.g5 Nxe5 29.gxh6 Ng4 30.h7+ 
Kh8 31.Qf4 Re8+ 32.Kf1 Ra1 33.Qxg4 Rxb1+ 34.Rd1 Qf6+ 35.Nf3 Rxd1+ 36.Kf2 Bxf3 
37.gxf3 Qxd4+ 38.Kg2 Rd2+ 39.Kh3 Qxg4+ 0-1

[Event "Macieja Memorial"]
[Site "Warsaw POL"]
[Date "2022.07.08"]
[Round "7.11"]
[White "Danielyan, Vahe"]
[Black "Pacan-milej, Kosma"]
[Result "1-0"]
[WhiteElo "2419"]
[BlackElo "2183"]
[EventDate "????.??.??"]
[PlyCount "73"]

1.e4 c6 2.d4 d5 3.exd5 cxd5 4.Bd3 Nc6 5.c3 Qc7 6.Ne2 Bg4 7.O-O e6 8.Qe1 Nf6 
9.Bg5 Bxe2 10.Qxe2 Bd6 11.g3 h6 12.Be3 O-O-O 13.Nd2 h5 14.f4 Ng4 15.Nf3 Nxe3 
16.Qxe3 g6 17.b4 Kb8 18.a4 Ne7 19.Rac1 Nf5 20.Bxf5 gxf5 21.Rf2 Rc8 22.Rfc2 Qc4 
23.a5 Qb3 24.Ng5 Rc7 25.Nxf7 Rxf7 26.Qxe6 Rc7 27.Qxd6 Re8 28.Rd2 Qa3 29.Rdd1 
Qa2 30.Ra1 Qb2 31.Re1 Re2 32.Qxd5 a6 33.b5 axb5 34.a6 bxa6 35.Reb1 Qd2 36.Rxb5+ 
axb5 37.Ra8# 1-0

[Event "Macieja Memorial"]
[Site "Warsaw POL"]
[Date "2022.07.08"]
[Round "7.12"]
[White "Baum, Jonasz"]
[Black "Warakomski, Tomasz"]
[Result "1/2-1/2"]
[WhiteElo "2240"]
[BlackElo "2397"]
[EventDate "????.??.??"]
[PlyCount "189"]

1.Nf3 d5 2.c4 d4 3.e3 c5 4.d3 Nc6 5.g3 e5 6.Bg2 f6 7.exd4 cxd4 8.O-O Nge7 9.a3 
a5 10.Nbd2 h5 11.h4 Nf5 12.Ne4 Be7 13.Qa4 Ra6 14.Qb5 Rb6 15.Qd5 a4 16.Qxd8+ 
Kxd8 17.Rb1 Na5 18.Bd2 Nb3 19.Be1 Bd7 20.Nfd2 Kc8 21.Nxb3 Rxb3 22.Nd2 Rb6 23.b4 
axb3 24.Rxb3 Rxb3 25.Nxb3 Kc7 26.Ba5+ b6 27.Bb4 Ba4 28.Nc1 Bc6 29.Bh3 Bxb4 
30.axb4 Nd6 31.Nb3 Ra8 32.Ra1 Rxa1+ 33.Nxa1 Ba4 34.Kf1 f5 35.c5 bxc5 36.bxc5 
Nb7 37.Bxf5 Nxc5 38.Ke1 Be8 39.Kd2 g6 40.Be4 Ba4 41.Bxg6 Kb6 42.Bxh5 e4 43.Bg6 
exd3 44.Bxd3 Kc6 45.Nc2 Nb3+ 46.Ke1 Kd6 47.Bh7 Ke5 48.Nb4 Bb5 49.Nd3+ Kf6 
50.Be4 Kg7 51.f3 Kf6 52.Kd1 Na5 53.Nf4 Nc4 54.Ke1 Ne5 55.Kd2 Bc4 56.Nd3 Bxd3 
57.Bxd3 Nxf3+ 58.Ke2 Ne5 59.Be4 Kg7 60.Kf2 Kh6 61.Kg2 Kh5 62.Kh3 d3 63.Bd5 d2 
64.Bb3 Kh6 65.Kg2 Ng4 66.Kf3 Nf6 67.Bc2 Kg7 68.Ke2 Nh5 69.g4 Nf4+ 70.Kxd2 Ng2 
71.h5 Kh6 72.Ke2 Nf4+ 73.Kf3 Ne6 74.Ke4 Ng5+ 75.Kf5 Nh3 76.Kf6 Ng5 77.Bd3 Nf3 
78.Bf1 Ng5 79.Kf5 Nf7 80.Bg2 Ng5 81.Bd5 Nh3 82.Kf6 Ng5 83.Bg2 Nh7+ 84.Kf7 Ng5+ 
85.Kg8 Ne6 86.Kf7 Ng5+ 87.Ke7 Nh7 88.Be4 Ng5 89.Bg6 Nh3 90.Kf6 Ng5 91.Kf5 Nh3 
92.Ke4 Nf2+ 93.Ke5 Nxg4+ 94.Kf4 Kg7 95.Kxg4 1/2-1/2

[Event "Macieja Memorial"]
[Site "Warsaw POL"]
[Date "2022.07.08"]
[Round "7.13"]
[White "Gdanski, Jacek"]
[Black "Goraj, Barbara"]
[Result "1-0"]
[WhiteElo "2385"]
[BlackElo "2015"]
[EventDate "????.??.??"]
[PlyCount "45"]

1.e4 c5 2.Nc3 Nc6 3.Nf3 d6 4.d4 cxd4 5.Nxd4 Nf6 6.Bc4 e6 7.Be3 Be7 8.Bb3 O-O 
9.Qe2 a6 10.O-O-O Nxd4 11.Bxd4 b5 12.e5 dxe5 13.Bxe5 Qb6 14.Ne4 Nxe4 15.Qxe4 
Bb7 16.Qg4 g6 17.Rd7 Rfe8 18.Rhd1 Rad8 19.Bc7 Rxd7 20.Bxb6 Rxd1+ 21.Qxd1 Bg5+ 
22.Kb1 Be4 23.Qg4 1-0

[Event "Macieja Memorial"]
[Site "Warsaw POL"]
[Date "2022.07.08"]
[Round "7.14"]
[White "Leniart, Arkadiusz"]
[Black "Raczek, Krzysztof"]
[Result "1-0"]
[WhiteElo "2327"]
[BlackElo "1951"]
[EventDate "????.??.??"]
[PlyCount "129"]

1.e4 c5 2.Nf3 d6 3.d4 cxd4 4.Nxd4 Nf6 5.Nc3 Nc6 6.g3 g6 7.Bg2 Nxd4 8.Qxd4 Bg7 
9.O-O O-O 10.Qd2 Be6 11.Nd5 Nxd5 12.exd5 Bf5 13.c3 Rc8 14.Re1 Re8 15.Qe2 Qa5 
16.Be3 a6 17.a3 Qa4 18.Rad1 Qc4 19.Qxc4 Rxc4 20.Bb6 Bf6 21.Bf1 Rcc8 22.Rd2 Bg5 
23.f4 Bf6 24.a4 h5 25.h3 Bd7 26.a5 Kf8 27.Kg2 Bb5 28.Bxb5 axb5 29.Re4 Rc4 
30.Rde2 Rec8 31.Kf3 Ke8 32.g4 hxg4+ 33.hxg4 g5 34.fxg5 Bxg5 35.Bd4 Kd7 36.b3 
R4c7 37.Rh2 Rxc3+ 38.Bxc3 Rxc3+ 39.Kf2 Rxb3 40.Rh7 Ra3 41.Rxf7 Ra2+ 42.Re2 Rxa5 
43.Rf5 Bh4+ 44.Kf3 Ra3+ 45.Re3 Ra2 46.g5 Bf2 47.Re2 Rxe2 48.Kxe2 Bd4 49.Kd3 Ba1 
50.g6 Ke8 51.Rf7 Bf6 52.Kc2 Bg5 53.Kc3 Bf6+ 54.Kb4 Be5 55.Kxb5 Bf6 56.Kb6 Bd4+ 
57.Kxb7 Be5 58.Kc6 Bc3 59.Kb5 Be5 60.Kc4 Ba1 61.Kd3 Bf6 62.Ke4 Ba1 63.Kf5 Bd4 
64.Ke6 Bf6 65.Rxf6 1-0

[Event "Macieja Memorial"]
[Site "Warsaw POL"]
[Date "2022.07.08"]
[Round "7.15"]
[White "Chylewski, Patryk"]
[Black "Sadzikowski, Daniel"]
[Result "1-0"]
[WhiteElo "2131"]
[BlackElo "2297"]
[EventDate "????.??.??"]
[PlyCount "91"]

1.e4 c5 2.Nf3 d6 3.c3 Nf6 4.h3 g6 5.Bd3 Bg7 6.Bc2 e5 7.O-O O-O 8.d4 exd4 9.cxd4 
Nc6 10.Nc3 cxd4 11.Nxd4 Re8 12.Ndb5 d5 13.exd5 Nb4 14.Bb3 a6 15.Nd4 Nbxd5 
16.Nxd5 Nxd5 17.Nf3 Nc7 18.Bf4 Ne6 19.Be5 Nc5 20.Bxg7 Kxg7 21.Qc2 b6 22.Rad1 
Qf6 23.Bd5 Ra7 24.b4 Bf5 25.Qd2 Ne4 26.Qd4 Rd7 27.Qxf6+ Kxf6 28.Bc4 b5 29.Rxd7 
Bxd7 30.Bb3 Be6 31.Nd4 Bxb3 32.Nxb3 Rd8 33.Rc1 Rd6 34.f3 Ng5 35.Nc5 Ke7 36.Re1+ 
Ne6 37.Re2 f5 38.Kf2 Kf6 39.Nxe6 Rxe6 40.f4 Rxe2+ 41.Kxe2 Ke6 42.Ke3 Kd5 43.Kd3 
h6 44.g3 h5 45.h4 Ke6 46.Ke3 1-0

[Event "Macieja Memorial"]
[Site "Warsaw POL"]
[Date "2022.07.08"]
[Round "7.16"]
[White "Kowalski, Igor"]
[Black "Rudzinska, Michalina"]
[Result "1-0"]
[WhiteElo "2287"]
[BlackElo "1905"]
[EventDate "????.??.??"]
[PlyCount "93"]

1.d4 Nf6 2.c4 e6 3.Nf3 Bb4+ 4.Bd2 c5 5.g3 O-O 6.Bxb4 cxb4 7.Bg2 d5 8.Ne5 Nc6 
9.O-O Ne4 10.Nxc6 bxc6 11.Nd2 Nd6 12.c5 Nf5 13.e3 a5 14.h4 Ba6 15.Re1 Qf6 
16.Nf3 Bb5 17.Ne5 Qe7 18.Bf1 Bxf1 19.Rxf1 Rfc8 20.Qg4 f6 21.Nd3 Nh6 22.Qh3 e5 
23.Rae1 Re8 24.e4 dxe4 25.Rxe4 Qd8 26.Rfe1 Qd5 27.b3 Kf8 28.g4 exd4 29.Qf3 Rxe4 
30.Rxe4 Nf7 31.Nf4 Qd7 32.Rxd4 Ne5 33.Rxd7 Nxf3+ 34.Kg2 Nxh4+ 35.Kg3 g5 36.Ne6+ 
Kg8 37.Rg7+ Kh8 38.Rf7 Re8 39.Rxf6 Ng6 40.Nxg5 Kg7 41.Rxc6 Re2 42.Rc7+ Kf8 
43.Nxh7+ Ke8 44.c6 Rxa2 45.Rg7 Ne7 46.Nf6+ Kd8 47.c7+ 1-0

[Event "Macieja Memorial"]
[Site "Warsaw POL"]
[Date "2022.07.08"]
[Round "7.17"]
[White "Mikrut, Dariusz"]
[Black "Skrzypczynski, Kacper"]
[Result "1/2-1/2"]
[WhiteElo "2266"]
[BlackElo "1746"]
[EventDate "????.??.??"]
[PlyCount "99"]

1.d4 d5 2.c4 c6 3.Nf3 Nf6 4.e3 Bf5 5.Nc3 e6 6.Nh4 Bg6 7.Qb3 Qb6 8.Nxg6 hxg6 
9.Qc2 Nbd7 10.cxd5 Nxd5 11.Bd2 Bd6 12.g3 Nxc3 13.bxc3 c5 14.Bg2 Rb8 15.O-O O-O 
16.Qb3 Qc7 17.a4 b6 18.e4 e5 19.dxe5 Nxe5 20.c4 Nc6 21.f4 Nd4 22.Qd1 Rbd8 23.e5 
Be7 24.Ra2 a6 25.Kh1 b5 26.axb5 axb5 27.Ba5 Qd7 28.Bxd8 Rxd8 29.cxb5 Qxb5 
30.Qb1 c4 31.Qxb5 Nxb5 32.Ra8 c3 33.Rxd8+ Bxd8 34.Rb1 Nc7 35.Be4 Kf8 36.Rc1 Ne6 
37.Rxc3 Ke7 38.Bd5 Nc7 39.Bc6 Ne6 40.Kg2 Bb6 41.Bd5 Nc7 42.Bc4 Bd4 43.Ra3 f6 
44.exf6+ gxf6 45.Rb3 Kd6 46.Bf7 g5 47.fxg5 fxg5 48.Rf3 Ke5 49.g4 Nb5 50.Rf5+ 1/2-1/2

[Event "Macieja Memorial"]
[Site "Warsaw POL"]
[Date "2022.07.08"]
[Round "7.18"]
[White "Golecki, Jan"]
[Black "Olszewski, Michal"]
[Result "1-0"]
[WhiteElo "2109"]
[BlackElo "2344"]
[EventDate "????.??.??"]
[PlyCount "41"]

1.e4 c5 2.Nf3 d6 3.d4 cxd4 4.Qxd4 Nf6 5.Bg5 Nc6 6.Bb5 Qa5+ 7.Nc3 Qxb5 8.Nxb5 
Nxd4 9.Nfxd4 Kd8 10.e5 dxe5 11.Nf3 Nd7 12.O-O-O a6 13.Nxe5 axb5 14.Nxf7+ Ke8 
15.Nxh8 Rxa2 16.Kb1 Ra4 17.Rhe1 Rg4 18.h4 Rxg2 19.Rd2 e5 20.Bf4 Rg6 21.Nxg6 1-0

[Event "Macieja Memorial"]
[Site "Warsaw POL"]
[Date "2022.07.08"]
[Round "7.19"]
[White "Redzisz, Michal"]
[Black "Dziuba, Marcin"]
[Result "0-1"]
[WhiteElo "1984"]
[BlackElo "2466"]
[EventDate "????.??.??"]
[PlyCount "66"]

1.d4 Nf6 2.c4 c5 3.d5 e5 4.Nc3 d6 5.g3 g6 6.Bg2 Bg7 7.e4 O-O 8.Nge2 Nbd7 9.O-O 
a6 10.a4 Nh5 11.f4 exf4 12.gxf4 f5 13.Ng3 Bd4+ 14.Kh1 Nxg3+ 15.hxg3 Qf6 16.Ne2 
fxe4 17.Nxd4 cxd4 18.Bxe4 Nc5 19.Bg2 a5 20.Bd2 Bf5 21.b4 Ne4 22.Be1 Nc3 23.Qb3 
axb4 24.Qxb4 Bd3 25.Rg1 Rfe8 26.Bxc3 dxc3 27.Qxb7 Rab8 28.Qc6 Re2 29.Rae1 Qf5 
30.Rxe2 Qh5+ 31.Bh3 Qxh3+ 32.Rh2 Be4+ 33.Rg2 Rb1# 0-1

[Event "Macieja Memorial"]
[Site "Warsaw POL"]
[Date "2022.07.08"]
[Round "7.20"]
[White "Kanarek, Marcel"]
[Black "Czernek, Tymon"]
[Result "1/2-1/2"]
[WhiteElo "2394"]
[BlackElo "1973"]
[EventDate "????.??.??"]
[PlyCount "136"]

1.d4 Nf6 2.c4 g6 3.Nc3 Bg7 4.e4 d6 5.h3 O-O 6.Be3 e5 7.d5 Ne8 8.g4 f5 9.gxf5 
gxf5 10.Bd3 f4 11.Bd2 a5 12.Nf3 Na6 13.Qe2 Nc5 14.Bc2 a4 15.O-O-O Bd7 16.Kb1 
Kh8 17.Rhg1 Rb8 18.Bc1 Qe7 19.h4 Nf6 20.h5 Bg4 21.Rh1 Bh6 22.Rdg1 Rg8 23.Ka1 
Rg7 24.Nxa4 Nxa4 25.Bxa4 Rbg8 26.Bd1 Qe8 27.Qd3 Bxf3 28.Rxg7 Bxh1 29.Rxc7 Bxe4 
30.Qb3 Rg1 31.c5 Bxd5 32.Qc2 Be4 33.Qb3 dxc5 34.Rxc5 Nd7 35.Rc7 Bc6 36.a4 Qg8 
37.Qc2 Qd5 38.Be2 Qe4 39.Qxe4 Bxe4 40.Rxd7 Rxc1+ 41.Ka2 Bc6 42.Re7 Bf8 43.Rxe5 
Bg7 44.Ra5 Bd4 45.h6 Kg8 46.Bb5 Rc2 47.Ra8+ Kf7 48.Bd3 Rxb2+ 49.Ka3 Rxf2 
50.Bxh7 Bc5+ 51.Kb3 Bd5+ 52.Kc3 Rh2 53.Bg8+ Ke7 54.Bxd5 Rxh6 55.Bxb7 Be3 56.a5 
Rh2 57.a6 Ra2 58.Rg8 Kd6 59.Rg6+ Kc7 60.Kc4 Ra5 61.Rg7+ Kd6 62.Rg6+ Kc7 63.Kd3 
Ra4 64.Ke2 Ra3 65.Rc6+ Kd7 66.Rc4 Kd6 67.Rc2 Ke5 68.Rc8 Kd6 1/2-1/2

[Event "Macieja Memorial"]
[Site "Warsaw POL"]
[Date "2022.07.08"]
[Round "7.21"]
[White "Rudnicka, Ewa"]
[Black "Sriram, Jha"]
[Result "1/2-1/2"]
[WhiteElo "1937"]
[BlackElo "2239"]
[EventDate "????.??.??"]
[PlyCount "80"]

1.d4 d6 2.Nf3 Nf6 3.Bg5 Bf5 4.e3 c6 5.c3 Qb6 6.Qb3 Nbd7 7.Nbd2 h6 8.Bh4 g5 
9.Bg3 Bg7 10.Be2 O-O 11.O-O Nh5 12.e4 Bg6 13.Qxb6 axb6 14.a3 b5 15.Rfe1 Nb6 
16.e5 Nxg3 17.hxg3 Na4 18.Ra2 Rfd8 19.exd6 exd6 20.Bd1 Nb6 21.Ra1 Re8 22.Bb3 d5 
23.Rac1 Nd7 24.Bc2 Rxe1+ 25.Nxe1 Bxc2 26.Nxc2 Nb6 27.Nb4 Na4 28.Nd3 Re8 29.Kf1 
Kf8 30.Re1 Ra8 31.Nf3 f6 32.Nd2 Kf7 33.f4 Bf8 34.f5 Bd6 35.Kf2 Nb6 36.Rh1 Kg7 
37.Re1 Kf7 38.Re6 Bf8 39.Re1 Na4 40.Re2 b6 1/2-1/2

[Event "Macieja Memorial"]
[Site "Warsaw POL"]
[Date "2022.07.08"]
[Round "7.22"]
[White "Sieciechowicz, Marcin"]
[Black "Bartel, Marta"]
[Result "1-0"]
[WhiteElo "2228"]
[BlackElo "1946"]
[EventDate "????.??.??"]
[PlyCount "57"]

1.d4 Nf6 2.c4 g6 3.Nc3 d5 4.Nf3 Bg7 5.Qb3 dxc4 6.Qxc4 a6 7.e4 b5 8.Qb3 Bb7 9.e5 
Nd5 10.a4 Nxc3 11.bxc3 Bxf3 12.gxf3 c5 13.axb5 cxd4 14.bxa6 O-O 15.cxd4 Qxd4 
16.Bb2 Qc5 17.f4 Bh6 18.Ra4 Nc6 19.Be2 Rfb8 20.Qc3 Qxc3+ 21.Bxc3 Rb1+ 22.Bd1 
Nb8 23.a7 Nc6 24.O-O Rxa7 25.Rc4 Na5 26.Rc8+ Bf8 27.e6 fxe6 28.Bg4 Kf7 29.Rxb1 1-0

[Event "Macieja Memorial"]
[Site "Warsaw POL"]
[Date "2022.07.08"]
[Round "7.23"]
[White "Szustakowski, Antoni"]
[Black "Paprocki, Jaroslaw"]
[Result "1-0"]
[WhiteElo "2173"]
[BlackElo "1909"]
[EventDate "????.??.??"]
[PlyCount "80"]

1.Nf3 Nf6 2.g3 d5 3.Bg2 c5 4.d4 e6 5.O-O Be7 6.b3 O-O 7.Bb2 b6 8.c4 Bb7 9.Ne5 
Qc7 10.cxd5 Bxd5 11.Bxd5 Nxd5 12.Nd2 cxd4 13.Bxd4 Nd7 14.Ndf3 Nxe5 15.Bxe5 Qb7 
16.e4 Nf6 17.Bxf6 Bxf6 18.e5 Rfd8 19.Qe2 Be7 20.Rfd1 Rxd1+ 21.Rxd1 Rd8 22.Rxd8+ 
Bxd8 23.Qd3 Be7 24.Nd2 Qd5 25.Qxd5 exd5 26.f4 g5 27.fxg5 Bxg5 28.Nf3 Bc1 29.Kf1 
f6 30.Ke2 fxe5 31.Nxe5 Kg7 32.Nd3 Ba3 33.Nf4 d4 34.Ne6+ Kf6 35.Nxd4 a6 36.Kd3 
h5 37.Ke4 Bd6 38.Ne2 Kg5 39.Kf3 Bc5 40.Nf4 Kf5 1-0

[Event "Macieja Memorial"]
[Site "Warsaw POL"]
[Date "2022.07.08"]
[Round "7.24"]
[White "Janeczko, Jakub"]
[Black "Chomczyk, Marek"]
[Result "1/2-1/2"]
[WhiteElo "1877"]
[BlackElo "2172"]
[EventDate "????.??.??"]
[PlyCount "97"]

1.e4 c5 2.d3 g6 3.g3 Bg7 4.Bg2 Nc6 5.f4 Rb8 6.Nf3 e6 7.O-O Nge7 8.c3 d5 9.Na3 
O-O 10.Nc2 dxe4 11.dxe4 e5 12.Qxd8 Rxd8 13.Be3 b6 14.Rfd1 Bb7 15.Nd2 Na5 
16.fxe5 Bxe5 17.Bf4 f6 18.Bxe5 fxe5 19.b3 Rd3 20.Ne1 Rd6 21.Ndf3 Rbd8 22.Rxd6 
Rxd6 23.Nxe5 Re6 24.Ng4 Kg7 25.Nf2 Nac6 26.Ned3 Ne5 27.Nxe5 Rxe5 28.Rd1 Nc6 
29.Rd7+ Re7 30.Rxe7+ Nxe7 31.Nd3 Kf7 32.Kf2 g5 33.h4 h6 34.hxg5 hxg5 35.Ke3 Ke6 
36.Bh3+ Kf6 37.Bd7 Ng6 38.Nf2 Ke7 39.Bf5 Ne5 40.Ng4 Nxg4+ 41.Bxg4 Kf6 42.Bf5 
Bc6 43.Kf3 a5 44.a3 Bb5 45.b4 Bc4 46.Bd7 Bd3 47.Ke3 Bc4 48.Bc6 Ke5 49.bxa5 1/2-1/2

[Event "Macieja Memorial"]
[Site "Warsaw POL"]
[Date "2022.07.08"]
[Round "7.25"]
[White "Jarocka, Liwia"]
[Black "Nurkiewicz, Maciej"]
[Result "1-0"]
[WhiteElo "1840"]
[BlackElo "2171"]
[EventDate "????.??.??"]
[PlyCount "119"]

1.d4 Nf6 2.c4 c5 3.d5 b5 4.cxb5 a6 5.bxa6 d6 6.Nc3 Bxa6 7.e4 Bxf1 8.Kxf1 g6 
9.g3 Bg7 10.Kg2 O-O 11.Nge2 Nbd7 12.Bf4 Qa5 13.Qd2 Rfb8 14.Rhd1 Ne8 15.Rac1 Nc7 
16.b3 Rb4 17.f3 Nb6 18.Qc2 Qa6 19.Bd2 Nd7 20.Na4 Rbb8 21.Bc3 Bxc3 22.Nexc3 Nb5 
23.Nxb5 Rxb5 24.f4 Rb4 25.Qd2 Rxe4 26.Re1 Nf6 27.Rxe4 Nxe4 28.Qe3 f5 29.Kh3 Ra7 
30.Rc2 Qf1+ 31.Kh4 Qd1 32.Re2 Qxd5 33.Nc3 Nxc3 34.Qxc3 e5 35.fxe5 Re7 36.Kh3 
dxe5 37.a4 e4 38.Rd2 Qe5 39.Rd8+ Kg7 40.Qc4 g5 41.Qg8+ Kh6 42.Qf8+ Kh5 43.Kg2 
e3 44.Rd1 e2 45.Re1 Qe4+ 46.Kg1 Qe3+ 47.Kg2 Qe4+ 48.Kg1 Kg4 49.Qh6 Qe3+ 50.Kg2 
Qf3+ 51.Kg1 Qe3+ 52.Kg2 Qe4+ 53.Kg1 f4 54.h3+ Kxg3 55.Qxg5+ Kxh3 56.Qh5+ Kg3 
57.Qg5+ Kf3 58.Qg2+ Ke3 59.Qxe2+ Kd4 60.Qd2+ 1-0

[Event "Macieja Memorial"]
[Site "Warsaw POL"]
[Date "2022.07.08"]
[Round "7.26"]
[White "Kokoszczynski, Jan"]
[Black "Jedrusik, Adam"]
[Result "0-1"]
[WhiteElo "2160"]
[BlackElo "1854"]
[EventDate "????.??.??"]
[PlyCount "84"]

1.d4 Nf6 2.c4 e6 3.Nf3 d5 4.g3 Bb4+ 5.Nbd2 O-O 6.Bg2 c6 7.O-O Nbd7 8.Qc2 b6 
9.e4 dxe4 10.Nxe4 Nxe4 11.Qxe4 Bb7 12.Rd1 Nf6 13.Qe2 Qe7 14.Bg5 h6 15.Bxf6 Qxf6 
16.Ne5 Rfc8 17.Rd3 Rc7 18.Rad1 Qe7 19.Re3 Qf8 20.h4 Rd8 21.a3 Bd6 22.Red3 Qe8 
23.Qe3 Rcc8 24.b4 Bb8 25.c5 Ba6 26.R3d2 Bb7 27.g4 f6 28.Nf3 Qg6 29.Nh2 Bxh2+ 
30.Kxh2 Qxg4 31.Bh3 Qxh4 32.Rg1 Kf7 33.Rg4 Qh5 34.Re2 Re8 35.Kg1 Rcd8 36.Re4 
Bc8 37.Bxe6+ Bxe6 38.Rxe6 Qg4+ 39.Kf1 Qxe6 40.Qxe6+ Rxe6 41.cxb6 axb6 42.Rc2 
Rxd4 0-1

[Event "Macieja Memorial"]
[Site "Warsaw POL"]
[Date "2022.07.08"]
[Round "7.27"]
[White "Kubiak, Jakub"]
[Black "Adamski, Jan"]
[Result "1-0"]
[WhiteElo "1812"]
[BlackElo "2088"]
[EventDate "????.??.??"]
[PlyCount "50"]

1.d4 Nf6 2.Bg5 e6 3.e4 h6 4.Bxf6 Qxf6 5.c3 d6 6.Bc4 e5 7.Ne2 Nd7 8.O-O Nb6 
9.Bb3 c5 10.f4 exd4 11.cxd4 cxd4 12.e5 Qd8 13.Qxd4 Be7 14.exd6 Qxd6 15.Qxg7 Qf6 
16.Qg3 Bf5 17.Nbc3 Kf8 18.Rad1 Rg8 19.Qf3 Rb8 20.Ng3 Kg7 21.Nxf5+ Qxf5 22.Nd5 
Nxd5 23.Rxd5 Qf6 24.Kh1 Kh8 25.Qh3 Rbd8 1-0

[Event "Macieja Memorial"]
[Site "Warsaw POL"]
[Date "2022.07.08"]
[Round "7.28"]
[White "Lach, Aleksandra"]
[Black "Lasota, Adam"]
[Result "1-0"]
[WhiteElo "2083"]
[BlackElo "1892"]
[EventDate "????.??.??"]
[PlyCount "93"]

1.e4 b6 2.g3 Bb7 3.Bg2 e6 4.d3 Nf6 5.Ne2 c5 6.c3 d5 7.e5 Nfd7 8.d4 Nc6 9.O-O 
Ba6 10.Re1 Bxe2 11.Rxe2 cxd4 12.cxd4 Be7 13.Nc3 O-O 14.Be3 Na5 15.f4 Nc4 16.Bf2 
Bb4 17.Qd3 Bxc3 18.Qxc3 Rc8 19.Qd3 g6 20.g4 Qe7 21.a3 Na5 22.Rf1 Rc7 23.f5 Qg5 
24.f6 Rfc8 25.Qh3 h5 26.gxh5 Qxh5 27.Qxh5 gxh5 28.Bf3 Rc2 29.b4 Rxe2 30.Bxe2 
Nc4 31.Bxh5 Nxa3 32.Ra1 Nb5 33.Be2 Nc3 34.Bd3 Rc7 35.Be3 Ne4 36.Bxe4 dxe4 
37.Kf2 Nb8 38.b5 Nd7 39.h4 Nf8 40.h5 Kh7 41.Rg1 Rc2+ 42.Kg3 Rc3 43.Kf4 Rb3 
44.Rg7+ Kh8 45.Rxf7 Nh7 46.Rxa7 Rxb5 47.Ra8+ 1-0

[Event "Macieja Memorial"]
[Site "Warsaw POL"]
[Date "2022.07.08"]
[Round "7.29"]
[White "Ratajczak, Hubert"]
[Black "Shilov, Sergej"]
[Result "0-1"]
[WhiteElo "1806"]
[BlackElo "2082"]
[EventDate "????.??.??"]
[PlyCount "82"]

1.c4 e5 2.Nc3 Nf6 3.g3 c6 4.Nf3 e4 5.Nd4 d5 6.cxd5 Qb6 7.Nc2 cxd5 8.Bg2 Bf5 
9.d4 Nc6 10.O-O Be7 11.Ne3 Be6 12.Nc2 O-O 13.h3 Rac8 14.Rb1 Qd8 15.Bf4 Qd7 
16.Kh2 Nh5 17.e3 Nxf4 18.gxf4 Kh8 19.Rg1 Rg8 20.f3 f5 21.fxe4 fxe4 22.Qh5 Qe8 
23.Qxe8 Rgxe8 24.b4 Nxb4 25.Nxb4 Rxc3 26.a3 a5 27.Na2 Rxa3 28.Nc1 Bb4 29.Nb3 
Rc8 30.Nc5 Bf5 31.Rgc1 b6 32.Na6 Rxc1 33.Rxc1 Rc3 34.Rb1 Rxe3 35.Nxb4 axb4 
36.Rxb4 h6 37.Rxb6 Rd3 38.Rb4 Rd2 39.Kg1 e3 40.Rb3 Rd1+ 41.Kh2 e2 0-1